Disney Movies by Sidekicks - Statistics

General Stats
  • This quiz has been taken 98 times
    94 since last reset
  • The average score is 18 of 22
Answer Stats
Hint Answer % Correct
Scuttle, Sebastian, Flounder The Little Mermaid
100%
Cogsworth, Lumière, Mrs. Potts Beauty and the Beast
99%
Jaq, Gus, Fairy Godmother Cinderella
99%
Timon, Puumba, Rafiki The Lion King
99%
Abu, Iago, Rajah Aladdin
96%
Mushu, Cri-Kee, Chien-Po Mulan
96%
Doc, Dopey, Grumpy Snow White and the Seven Dwarves
96%
Tinker Bell, Mr. Smee, Slighty Peter Pan
95%
Tigger, Owl, Eeyore Winnie the Pooh
95%
Pegasus, Phil, Zeus Hercules
92%
Mad Hatter, Cheshire Cat, Tweedledum Alice in Wonderland
88%
Flora, Fauna, Merryweather Sleeping Beauty
88%
Maximus, Pascal, Hook Hand Tangled
87%
Heihei, Tamatoa, Pua Moana
80%
Meeko, Percy, Grandmother Willow Pocahontas
79%
Kronk, Chicha, Tipo The Emperor's New Groove
68%
Dolores, Mariano, Camilo Encanto
67%
Wasabi, Fred, Go-Go Big Hero 6
57%
Terk, Tantor, Archimedes Tarzan
54%
Anita, Jasper, Colonel 101 Dalmatians
53%
Clopin, Victor, Djali The Hunchback of Notre Dame
37%
Carl, Grandpa Bud, Tiny the T-Rex Meet the Robinsons
28%
No matching quizzes found
Score Distribution
Percent of People with Each Score
Percentile by Number Answered
Your Score History
You have not taken this quiz since the last reset